Score 0/12 Timer 02:30
0 Plays Today
Question Answer Wrong Answers
Pick the Golden Girl who is notoriously 'man-hungry'. Blanche
91.2%
Rose
2.8%
Dorothy
1.7%
Sophia
1.3%
Pick the Golden Girl who is often portrayed as a simple, naive fool. Rose
89.9%
Blanche
3.4%
Dorothy
1.1%
Sophia
2.8%
Pick the Golden Girl who once lived in Shady Pines retirement home. Sophia
89.3%
Blanche
2.6%
Rose
3.3%
Dorothy
1.9%
Pick the Golden Girl who was born in Sicily. Sophia
89.1%
Blanche
3%
Rose
1.9%
Dorothy
2.9%
Pick the Golden Girl from Georgia. Blanche
85.2%
Rose
6.7%
Dorothy
3.1%
Sophia
2%
Pick the Golden Girl from St. Olaf. Rose
84.3%
Blanche
4%
Dorothy
4.5%
Sophia
4.2%
Pick the Golden Girl who divorced Stanley. Dorothy
83.8%
Blanche
6.3%
Rose
4.7%
Sophia
2.2%
Pick the Golden Girl whose last name is Nylund. Rose
82.9%
Blanche
7.1%
Dorothy
3.6%
Sophia
3.6%
Pick the Golden Girl who is a substitute high school teacher. Dorothy
81.2%
Blanche
5.1%
Rose
9.1%
Sophia
1.8%
Pick the Golden Girl who tells parables beginning 'Picture it...'. Sophia
72.9%
Blanche
7.8%
Rose
10.6%
Dorothy
5.8%
Pick the Golden Girl nicknamed 'Pussycat'. Dorothy
60%
Blanche
26.5%
Rose
5.4%
Sophia
5.3%
Pick the Golden Girl who was widowed upon the death of her husband George. Blanche
53.1%
Rose
23.9%
Dorothy
10.3%
Sophia
9.9%

Today's Daily Dose

Missing Word
1900s A-Z

Word Ladder
Space Firsts

Quick Pick
Salsa

Get the Picture
Body Systems

Remove Ads.
Support Sporcle.
Get the best of Sporcle when you Go Orange. This ad-free experience offers more features, more stats, and more fun while also helping to support Sporcle. Thank you for becoming a member.

You're not logged in!

Compare scores with friends on all Sporcle quizzes.
OR
Log In

Show Comments

Extras

Top Quizzes Today


Score Distribution

Your Account Isn't Verified!

In order to create a playlist on Sporcle, you need to verify the email address you used during registration. Go to your Sporcle Settings to finish the process.

Report this User

Report this user for behavior that violates our Community Guidelines.

Details: